10 Największych Miast Województwa Zachodniopomorskiego - Statystyki

Ogólne statystyki
  • Ten quiz został rozwiązany 2 877 razy
  • Średni wynik to 7 z 10
Statystyki odpowiedzi
Lp. Liczba Ludności Miasto % Poprawnych
1. 402,465 Szczecin
100%
2. 107,321 Koszalin
94%
4. 46,367 Kołobrzeg
87%
3. 67,938 Stargard
80%
5. 40,910 Świnoujście
80%
6. 40,114 Szczecinek
64%
7. 32,685 Police
60%
10. 22,403 Goleniów
49%
8. 25,359 Wałcz
48%
9. 24,339 Białogard
45%
Nie znaleziono quizów pasujących do podanych kryteriów
Rozkład punktacji
Procent ludzi z każdym wynikiem
Percentyl według liczby udzielonych odpowiedzi
Twoja historia wyników
Nie rozwiązałeś tego quizu